00478 2200145 4500001002100000008004100021035002000062245006700082100002000149260003600169300001400205082001000219650009000229990001300319INLIS000000000000516 ind  a0010-0322000516 aSERI DONGENG POPULER ANAK INDONESIA ASAL MULA SELAT BALIcIKHA aTIRA IKRANEGARA aSURABAYAbPUSTAKA AGUNG HARAPAN ahlm.ccm. a398.2 aFOLK LITERATURE, FAIRY TALES, MYTH, MYTHOLOGY/CERITA RAKYAT, DONGENG, MITOS, MITOLOGI a102719-1